Aymara Waevings (Record no. 10087)

MARC details
000 -CABECERA
campo de control de longitud fija 00999nam a2200277 a 4500
001 - NÚMERO DE CONTROL
campo de control BRL_1275
005 - FECHA Y HORA DE LA ÚLTIMA TRANSACCIÓN
campo de control 20190320211126.0
008 - DATOS DE LONGITUD FIJA--INFORMACIÓN GENERAL
campo de control de longitud fija 171213t1983----u--ao#####---#000-0#eng-#
020 ## - NÚMERO INTERNACIONAL ESTÁNDAR DEL LIBRO
Número Internacional Estándar del Libro 0865280223
041 ## - CÓDIGO DE LENGUA
Código de lengua del texto/banda sonora o título independiente eng
044 ## - CÓDIGO DEL PAÍS DE LA ENTIDAD EDITORA/PRODUCTORA
Código MARC del país u
050 #4 - SIGNATURA TOPOGRÁFICA DE LA BIBLIOTECA DEL CONGRESO
Número de clasificación F2230.2.A9
Número de documento/Ítem .A34 1983
100 1# - ENTRADA PRINCIPAL--NOMBRE DE PERSONA
Nombre de persona Adelson, Laurie
9 (RLIN) 26352
245 10 - MENCIÓN DE TÍTULO
Título Aymara Waevings
Resto del título ceremonial textiles of colonial and 19th century Bolivia
Mención de responsabilidad, etc. by Laurie Adelson and Arthur Tracht.
260 ## - PUBLICACIÓN, DISTRIBUCIÓN, ETC.
Lugar de publicación, distribución, etc. United States
Nombre del editor, distribuidor, etc. Smithsonian Institution Traveling
Fecha de publicación, distribución, etc. 1983
Fecha de fabricación/manufactura 1983
300 ## - DESCRIPCIÓN FÍSICA
Extensión 159 p.
Otras características físicas il.
Dimensiones 26 cm.
500 ## - NOTA GENERAL
Nota general Au1659
504 ## - NOTA DE BIBLIOGRAFÍA, ETC.
Nota de bibliografía, etc. Bibliografía: p. 152-158
650 14 - PUNTO DE ACCESO ADICIONAL DE MATERIA--TÉRMINO DE MATERIA
Término de materia o nombre geográfico como elemento de entrada Indígenas Aymara
Subdivisión de forma Exposiciones
Subdivisión general Industría textil
Subdivisión cronológica Siglo XIX
9 (RLIN) 26353
650 14 - PUNTO DE ACCESO ADICIONAL DE MATERIA--TÉRMINO DE MATERIA
Término de materia o nombre geográfico como elemento de entrada Indígenas de América del Sur
Subdivisión de forma Exposiciones
Subdivisión general Industría textil
Subdivisión cronológica Siglo XIX
9 (RLIN) 26354
650 14 - PUNTO DE ACCESO ADICIONAL DE MATERIA--TÉRMINO DE MATERIA
Término de materia o nombre geográfico como elemento de entrada Textiles
Subdivisión de forma Exposiciones
Subdivisión cronológica Siglo XIX
Subdivisión geográfica Bolivia
9 (RLIN) 26355
650 14 - PUNTO DE ACCESO ADICIONAL DE MATERIA--TÉRMINO DE MATERIA
Término de materia o nombre geográfico como elemento de entrada Telas
Subdivisión de forma Exposiciones
Subdivisión cronológica Siglo XIX
Subdivisión geográfica Bolivia
9 (RLIN) 26356
700 1# - PUNTO DE ACCESO ADICIONAL--NOMBRE DE PERSONA
Nombre de persona Tracht, Arthur
9 (RLIN) 26357
902 ## - CATALOGADOR
Iniciales GRL
942 ## - ELEMENTOS DE PUNTO DE ACCESO ADICIONAL (KOHA)
Fuente del sistema de clasificación o colocación Library of Congress Classification
Tipo de ítem Koha Libros
Holdings
Estado de retiro Estado de pérdida Estado dañado No para préstamo Localización permanente Ubicación/localización actual Fecha de adquisición Número de inventario Total de préstamos Signatura topográfica completa Código de barras Fecha visto por última vez Precio válido a partir de Tipo de ítem Koha
El ejemplar forma parte de la colección y puede ser consultado según las políticas vigentes.       Biblioteca Centro de Estudios Ruth D. Lechuga Biblioteca Centro de Estudios Ruth D. Lechuga 17/12/2013 Au1659   F2230.2.A9 .A34 1983 (Au1659) GRL01412 22/03/2019 22/03/2019 Libros